00728 2200241 4500001002100000005001500021035002000036007000300056008004100059020001800100082001000118084001600128100002100144245002600165260004600191300002700237500016000264650001600424700001300440856001700453990000800470990000800478INLIS00000000000017720220217084716 a0010-0222000055ta220217 g 0 ind  a9789790262409 a297.5 a297.5 ABD b0 aAbd Fattah Sobri1 aBocah-Bocah dan Katak aYogyakarta :bPustaka Insan Madani,c2009 a48 hlm ;c21 x 29.7 cm aAda banyak jalan yang bisa ditempuh untuk memperkaya kosakata bahasa arab. buku ini memilih menghadirkan cerita lucu dan seru yang dikemas dalam dua bahasa 4aEtika Islam0 aAli Umar aKoleksi Umum a577 a578